000 00979nam a22002651 4500
001 143667
003 SpMaBN
005 20231005115911.0
008 981210s1953 sp spa
016 7 _abimoBNE20000198053
_zIND9800832716
_2SpMaBN
035 _a(OCoLC)432724065
040 _aSpMaBN
_bspa
_cCDM
_dES-MaACL
080 _a75(Greco)
245 0 4 _aLos grandes pintores españoles :
_b70 obras maestras del Greco /
_cintroducción y notas por Bernardno de Pantorba [seud.] ; traducción inglesa de Juan Macnab ; traducción inglesa de Juan Macnab, y francesa de Raimundo Tejada
260 _aMadrid :
_bPlus Ultra,
_b[Aldes]
_c1953
300 _a47 p., 70 h. de lám. ;
_c24 cm
600 0 4 _946893
_aEl Greco
650 4 _916076
_aPintura renacentista
_zEspaña
852 _aES-MaACL
_bR.34522
_9148855
_cSVI
_jD-9094
942 _2udc
956 _a1
980 _aSpMaBN
_bBNMADRID
_jBA/8877
_cSALA_GOYA
999 _c143667
_d143667